Officia propria sanctorum Ordinis Hospitalitatis S. P. N. Joannis de Deo, pro fratribus in nostrate Congregatione hispana commorantibus , ab Innocentio XIII Clemente XII ac SS. D. Benedicto XIV. Pontificibus Maximis cancessa. Jussu Reverendissimi P.N.Fr Ildefansi a Jesus, & Ortega , Ministri Titularis Supremace S. Inquisit. Proto-Notarii Apostolici , & Generalis Congregat. praedicte Sacrae nostrae religionis in hisce regnis hispaniarum, indiarum, lusitaniaeque. Typis primò demandata

Detalles Bibliográficos
Autor Corporativo: Iglesia Católica
Formato: Libro
Lenguaje:Undetermined
Latin
Publicado: Hispali : ex typog. Plantiniana Universitatis , & Biblioteca D. Josephi Navarro et Armijo, 1749.
Materias:
Colección:Banco de datos
Acervo:Museo Virreinal de Zinacantepec. Estado de México
Descripción Física:[2] h., 120 p. ; 4°
Tema general:Liturgia
Notas:Portada con grabado central xilográfico. Ex libris manuscrito en la guarda anterior: "soy de fr Jpto . .. Befarano . Pressito ". Sello en tinta de la Biblioteca Pública, Toluca, México. Encuadernación en pergamino. Daños de humedad
LEADER 01210nam a2200169Ia 4500
008 150723s9999 xx 000 0 und d
041 0 |a lat 
110 1 |a Iglesia Católica 
245 1 0 |a Officia propria sanctorum Ordinis Hospitalitatis S. P. N. Joannis de Deo, pro fratribus in nostrate Congregatione hispana commorantibus , ab Innocentio XIII Clemente XII ac SS. D. Benedicto XIV. Pontificibus Maximis cancessa. Jussu Reverendissimi P.N.Fr Ildefansi a Jesus, & Ortega , Ministri Titularis Supremace S. Inquisit. Proto-Notarii Apostolici , & Generalis Congregat. praedicte Sacrae nostrae religionis in hisce regnis hispaniarum, indiarum, lusitaniaeque. Typis primò demandata 
260 |a Hispali : ex typog. Plantiniana Universitatis , & Biblioteca D. Josephi Navarro et Armijo, 1749. 
300 |a [2] h., 120 p. ; 4° 
500 |a Portada con grabado central xilográfico. Ex libris manuscrito en la guarda anterior: "soy de fr Jpto . .. Befarano . Pressito ". Sello en tinta de la Biblioteca Pública, Toluca, México. Encuadernación en pergamino. Daños de humedad 
650 1 0 |a Liturgia 
949 |a 1094 
942 |c ZINACA 
943 |g Museo Virreinal de Zinacantepec. Estado de México 
999 |c 1105687  |d 1105687